[Event "28th 4NCL Congress"]
[Site "Leamington Spa"]
[Date "2022.07.09"]
[Round "2"]
[Board "3"]
[White "Ramaraju, Siddarth"]
[Black "Belinger, John"]
[Result "1-0"]
[WhiteElo "1581"]
[BlackElo "1685"]
[PlyCount "0"]
[EventDate "2022.07.08"]
[EventRounds "5"]
[EventCountry "ENG"]

1. e4 c5 2. Nc3 e6 3. Nf3 a6 4. a4 Nc6 5. b3 d5 6. exd5 exd5 7. d4 cxd4 8. Nxd4 Nf6 9. Nxc6 bxc6 10. Ba3 Bxa3 11. Rxa3 O-O 12. Be2 Re8 13. O-O Bb7 14. b4 Qd6 15. Qd4 Ne4 16. Bf3 Ng5 17. Nb1 Nxf3+ 18. Rxf3 Re4 19. Qa1 Qxb4 20. Nc3 Rf4 21. Rb1 Qd6 22. Rxf4 Qxf4 23. Rxb7 Re8 24. Rb1 h6 25. Re1 Rxe1+ 26. Qxe1 Qb4 27. Qe8+ Kh7 28. Qxc6 d4 29. Qe4+ Kg8 30. Nd1 Qxa4 31. Qd3 Qb4 32. Qxa6 Qd2 33. Qf1 Qxc2 34. f3 d3 35. Ne3 Qd2 36. Ng4 Qc3 37. Nf2 d2 38. Nd1 Qd4+ 39. Qf2 Qd3 40. Qe3 Qc2 41. Qe8+ Kh7 42. Qe4+ Qxe4 43. fxe4 Kg6 44. Kf2 Kf6 45. g3 Ke5 46. Ke3 f5 47. exf5 Kxf5 48. h3 h5 49. Kxd2 h4 50. gxh4 Kf4 51. Ke2 Kg3 52. Nf2 Kxh4 53. Kf3 g5 54. Kg2 Kh5 55. Kg3 Kh6 56. Kg4 Kg6 57. Ne4 Kh6 58. Nxg5 Kg6 59. Kh4 Kh6 60. Ne4 Kg6 61. Ng3 Kh6 62. Kg4 Kg6 63. h4 Kh6 64. Nf5+ Kg6 65. h5+ Kh7 66. Kg5 Kg8 67. Kg6 Kh8 68. Nd6 Kg8 69. Nf7 Kf8 70. h6 Kg8 71. h7+ Kf8 72. h8=Q+  1-0

[Event "28th 4NCL Congress"]
[Site "Leamington Spa"]
[Date "2022.07.09"]
[Round "2"]
[Board "4"]
[White "Dos Santos Silva, Bruno Alexandre"]
[Black "Usher, Frank"]
[Result "1/2-1/2"]
[WhiteElo "1679"]
[BlackElo "1548"]
[PlyCount "0"]
[EventDate "2022.07.08"]
[EventRounds "5"]
[EventCountry "ENG"]

1. d4 e6 2. Nc3 f5 3. e4 fxe4 4. Nxe4 Nf6 5. Bg5 Be7 6. Nxf6+ Bxf6 7. h4 b6 8. Qf3 Nc6 9. O-O-O Bxg5+ 10. hxg5 Qxg5+ 11. Kb1 Bb7 12. Qd3 Nb4 13. Qh3 O-O-O 14. Nf3 Qf6 15. a3 Bxf3 16. gxf3 Nd5 17. Ba6+ Kb8 18. Qg3 Nf4 19. Rhe1 h6 20. Re3 g5 21. a4 h5 22. Qg1 h4 23. Qf1 h3 24. Qc4 h2 25. Rh1 Nd5 26. Ra3 Rh4 27. Rd3 c5 28. c3 Nc7 29. a5 cxd4 30. axb6 axb6 31. Qb3 e5 32. Bc4 d5 33. Bb5 e4 34. Rxd4 Qxf3 35. Rdd1 Nxb5 36. Qxb5 Qxd1+ 37. Rxd1 h1=Q 38. Qxb6+ Kc8 39. Rxh1 Rxh1+ 40. Kc2 Rh4 41. Qe6+ Rd7 42. Qg8+ Kc7 43. Qxg5 Rhh7 44. Qe5+ Kc6 45. Qd4 Rhf7 46. Kd2 Rf3 47. Qa4+ Kd6 48. Qb4+ Ke6 49. Qb6+ Rd6 50. Qd4 Rd3+ 51. Qxd3 exd3 52. Kxd3 Ke5 53. b4 Rc6 54. f4+ Kxf4 55. Kd4 Rc4+ 56. Kxd5 Rxc3 57. b5 Rb3 58. Kc6 Ke5 59. b6 Rc3+ 60. Kd7  1/2-1/2

[Event "28th 4NCL Congress"]
[Site "Leamington Spa"]
[Date "2022.07.09"]
[Round "2"]
[Board "5"]
[White "Borissow, Magnus"]
[Black "Jenkins, Theo"]
[Result "1-0"]
[WhiteElo "1528"]
[BlackElo "1672"]
[PlyCount "0"]
[EventDate "2022.07.08"]
[EventRounds "5"]
[EventCountry "ENG"]

1. e4 c5 2. Nc3 e6 3. f4 Nc6 4. Nf3 d5 5. Bb5 a6 6. Bxc6+ bxc6 7. d3 Be7 8. O-O Nf6 9. Qe1 Qc7 10. e5 Nd7 11. Qg3 Rg8 12. f5 Rb8 13. fxe6 fxe6 14. b3 Nf8 15. Ba3 Qa7 16. Kh1 Kd8 17. Qf2 Ng6 18. Na4 d4 19. Rae1 Rf8 20. Qd2 a5 21. c3 Rb5 22. Re4 Rf5 23. Rc1 Bd7 24. cxd4 cxd4 25. Bxe7+ Nxe7 26. Nxd4 Rfxe5 27. Nxb5 Rxb5 28. Qc3 Nf5 29. Nc5 h6 30. g4 Ne7 31. Qd4 Rxc5 32. Qxc5 Qa6 33. Rf1 Ng6 34. Qd6 Qb6 35. Rxe6 Qb7 36. Rxg6 c5+ 37. Kg1  1-0

[Event "28th 4NCL Congress"]
[Site "Leamington Spa"]
[Date "2022.07.09"]
[Round "2"]
[Board "6"]
[White "Gill, Gursharanjit S"]
[Black "Khomytska, Kateryna"]
[Result "0-1"]
[WhiteElo "1660"]
[BlackElo "1297"]
[PlyCount "0"]
[EventDate "2022.07.08"]
[EventRounds "5"]
[EventCountry "ENG"]

1. c4 e5 2. Nc3 Nf6 3. g3 Bb4 4. Bg2 Nc6 5. e4 d6 6. h3 Bd7 7. Nge2 O-O 8. O-O Qc8 9. Kh2 Be6 10. d3 Nd7 11. a3 Bc5 12. Nd5 Bxd5 13. cxd5 Nd4 14. b4 Bb6 15. Be3 Nxe2 16. Qxe2 a5 17. f4 Bxe3 18. Qxe3 Ra6 19. f5 axb4 20. axb4 Qa8 21. Rxa6 Qxa6 22. Rc1 Rc8 23. g4 Qa3 24. Qd2 f6 25. h4 Qa7 26. g5 Qd4 27. Rc4 Qa7 28. Rc1 Qa3 29. Bf3 c5 30. bxc5 Rxc5 31. Rxc5 Qxc5 32. h5 fxg5 33. Qxg5 h6 34. Qd8+ Nf8 35. Bg2 b5 36. f6 b4 37. fxg7 Kxg7 38. Qe7+ Kg8 39. Qf6 b3 40. Qxh6 b2 41. Qg5+ Kf7 42. h6 b1=Q 43. Qh5+ Ke7 44. Qg5+ Ke8 45. Qh5+ Kd8 46. Qg5+ Kc7 47. Qg7+ Nd7 48. Bh3 Qf2+ 49. Qg2 Qxg2+ 50. Kxg2 Qc1  0-1

[Event "28th 4NCL Congress"]
[Site "Leamington Spa"]
[Date "2022.07.09"]
[Round "2"]
[Board "7"]
[White "Ravi, Vash"]
[Black "Fernando, Manel"]
[Result "1/2-1/2"]
[WhiteElo "1484"]
[BlackElo "1651"]
[PlyCount "0"]
[EventDate "2022.07.08"]
[EventRounds "5"]
[EventCountry "ENG"]

1. e4 e5 2. Nf3 Nc6 3. Bc4 Be7 4. c3 d6 5. d3 Bg4 6. Nbd2 Nf6 7. O-O O-O 8. Re1 a6 9. a4 Na5 10. Ba2 c5 11. b4 cxb4 12. c4 Rc8 13. Rb1 Nc6 14. Nf1 a5 15. Ng3 Nd4 16. Nf5 Nxf3+ 17. gxf3 Bxf5 18. exf5 Qd7 19. f4 Qxf5 20. fxe5 dxe5 21. d4 Ng4 22. f3 Qg6 23. fxg4 Rcd8 24. Bb2 e4 25. Re2 Qxg4+ 26. Rg2 Qf4 27. d5 f6 28. Qe2 Bc5+ 29. Kh1 Rd7 30. Rf1 Qd6 31. Qxe4 Re7 32. Qh4 Ref7 33. Bd4 b6 34. Bb1 g6 35. Bxg6 hxg6 36. Rxg6+ Rg7 37. Rgxf6 Rxf6 38. Bxf6 Qf8 39. Rd1 Be7 40. Rf1 Bxf6 41. Qxf6 Qc5 42. Rd1 Qe3 43. Rf1 b3 44. Qf8+  1/2-1/2

[Event "28th 4NCL Congress"]
[Site "Leamington Spa"]
[Date "2022.07.09"]
[Round "2"]
[Board "11"]
[White "Seymour, Paul"]
[Black "Dairi, Ramsey"]
[Result "1/2-1/2"]
[WhiteElo "1674"]
[BlackElo "1496"]
[PlyCount "0"]
[EventDate "2022.07.08"]
[EventRounds "5"]
[EventCountry "ENG"]

1. d4 f5 2. Bf4 Nf6 3. e3 b6 4. Nf3 Bb7 5. Nbd2 g6 6. Be2 Bg7 7. c3 O-O 8. h3 d6 9. O-O Nd5 10. Bh2 Nd7 11. Ng5 Rf6 12. e4 h6 13. e5 dxe5 14. dxe5 Rc6 15. Ngf3 Kh8 16. Nd4 Nxe5 17. Nxc6 Bxc6 18. Nf3 Nf7 19. Nd4 Bd7 20. Bf3 c6 21. c4 Nb4 22. Qb3 Bxd4 23. Qxb4 c5 24. Qd2 Rc8 25. Bb7 Bc6 26. Bxc8 Qxc8 27. Kh1 Qb7 28. f3 Kh7 29. Bg1 Bf6 30. Rad1 Kg7 31. b3 Ng5  1/2-1/2

[Event "28th 4NCL Congress"]
[Site "Leamington Spa"]
[Date "2022.07.09"]
[Round "2"]
[Board "12"]
[White "Homer, Neil S"]
[Black "Gowers, George"]
[Result "1/2-1/2"]
[WhiteElo "1673"]
[BlackElo "1439"]
[PlyCount "0"]
[EventDate "2022.07.08"]
[EventRounds "5"]
[EventCountry "ENG"]

1. e4 e5 2. Nc3 Nf6 3. f4 d5 4. fxe5 Nxe4 5. Qf3 Nxc3 6. bxc3 Qh4+ 7. g3 Qe4+ 8. Qxe4 dxe4 9. Bg2 Nc6 10. Bxe4 Nxe5 11. d4 Nc4 12. Rb1 Nd6 13. Bd3 Bg4 14. Ne2 O-O-O 15. O-O Re8 16. Nf4 Bf5 17. Bxf5+ Nxf5 18. Nd5 Nd6 19. Bf4 f6 20. Rfe1 c6 21. Rxe8+ Nxe8 22. Nb4 Bxb4 23. cxb4 Nc7 24. Bxc7 Kxc7 25. Re1 Kd7 26. a4 Re8 27. Rxe8 Kxe8 28. c4 a6 29. Kf2 Ke7 30. Ke3 Ke6 31. Ke4 f5+ 32. Kf4 b5 33. axb5 axb5 34. d5+ cxd5 35. c5 d4 36. Kf3 g5  1/2-1/2

[Event "28th 4NCL Congress"]
[Site "Leamington Spa"]
[Date "2022.07.09"]
[Round "2"]
[Board "13"]
[White "Kirkland, Arnold G"]
[Black "Matilal, Tamal K"]
[Result "0-1"]
[WhiteElo "1614"]
[BlackElo "1424"]
[PlyCount "0"]
[EventDate "2022.07.08"]
[EventRounds "5"]
[EventCountry "ENG"]

1. e4 e6 2. d4 a6 3. Nf3 c5 4. c3 cxd4 5. cxd4 b5 6. Be3 Bb7 7. Bd3 Nf6 8. O-O Nxe4 9. Qc2 f5 10. Nbd2 d5 11. Bxe4 dxe4 12. Ng5 Bd5 13. f3 Be7 14. Nh3 O-O 15. fxe4 fxe4 16. Nxe4 Nd7 17. Rxf8+ Nxf8 18. Rc1 Bb7 19. Nc5 Bd5 20. b4 Rc8 21. Qf2 Nd7 22. Nf4 Nxc5 23. dxc5 a5 24. a3 axb4 25. axb4 Ra8 26. Rf1 Bc4 27. Re1 Ra2 28. Qg3 Bh4 29. Qg4 Bxe1 30. Nxe6 Qf6 31. Nc7 Qf1#  0-1

[Event "28th 4NCL Congress"]
[Site "Leamington Spa"]
[Date "2022.07.09"]
[Round "2"]
[Board "16"]
[White "Egan, William J"]
[Black "Butler, Rene"]
[Result "1/2-1/2"]
[WhiteElo "1589"]
[BlackElo "1267"]
[PlyCount "0"]
[EventDate "2022.07.08"]
[EventRounds "5"]
[EventCountry "ENG"]

1. d4 d5 2. Bf4 Nf6 3. e3 c5 4. c3 Qb6 5. Qb3 c4 6. Qc2 Bg4 7. Be2 Bxe2 8. Nxe2 e6 9. Nd2 Bd6 10. O-O O-O 11. e4 Bxf4 12. Nxf4 Nxe4 13. Nxe4 dxe4 14. Qxe4 Qc6 15. Qe3 Nd7 16. Rfe1 Nf6 17. h3 Nd5 18. Qg3 Qd6 19. Nxd5 Qxg3 20. Ne7+ Kh8 21. fxg3 Rae8 22. Nc6 bxc6  1/2-1/2

[Event "28th 4NCL Congress"]
[Site "Leamington Spa"]
[Date "2022.07.09"]
[Round "2"]
[Board "20"]
[White "Fearnhead, Paul N"]
[Black "McWilliams, Mark D"]
[Result "1-0"]
[WhiteElo "1694"]
[BlackElo "1494"]
[PlyCount "0"]
[EventDate "2022.07.08"]
[EventRounds "5"]
[EventCountry "ENG"]

1. c4 c6 2. Nf3 Nf6 3. Nc3 d5 4. e3 e6 5. d4 Be7 6. Bd3 Nbd7 7. O-O O-O 8. Qc2 Qc7 9. e4 dxe4 10. Nxe4 Nxe4 11. Bxe4 Nf6 12. Bd3 Re8 13. b3 c5 14. Bb2 h6 15. Rfe1 b6 16. Rad1 Bb7 17. Ne5 Rad8 18. dxc5 Bxc5 19. Qe2 Bb4 20. Rf1 Qe7 21. Bb1 Rxd1 22. Rxd1 Rd8 23. Rxd8+ Qxd8 24. a3 Be7 25. b4 Be4 26. Bxe4 Nxe4 27. Nc6 Qd7 28. Nxe7+ Kf8 29. h3 Nd2 30. Nc6 Nb3 31. Ne5  1-0

[Event "28th 4NCL Congress"]
[Site "Leamington Spa"]
[Date "2022.07.09"]
[Round "2"]
[Board "21"]
[White "Wright, George A"]
[Black "Morrish, John"]
[Result "0-1"]
[WhiteElo "1407"]
[BlackElo "1678"]
[PlyCount "0"]
[EventDate "2022.07.08"]
[EventRounds "5"]
[EventCountry "ENG"]

1. b3 Nf6 2. Bb2 d5 3. e3 c5 4. Bb5+ Nc6 5. Nf3 a6 6. Bxc6+ bxc6 7. O-O Bg4 8. h3 Bh5 9. d3 e6 10. Nbd2 Nd7 11. Rc1 Bd6 12. g4 Bg6 13. e4 Bf4 14. exd5 cxd5 15. h4 f6 16. h5 Bf7 17. c4 O-O 18. Kg2 Qc7 19. Qc2 d4 20. Rce1 e5 21. Rh1 Qc6 22. Ne4 Be6 23. Nh2 f5 24. gxf5 Rxf5 25. f3 Raf8 26. Kf1 Bxh2 27. Rxh2 Rxf3+ 28. Rf2 Rxf2+ 29. Nxf2 Qh1+ 30. Ke2 Rxf2+  0-1

[Event "28th 4NCL Congress"]
[Site "Leamington Spa"]
[Date "2022.07.09"]
[Round "2"]
[Board "22"]
[White "Morris, Nigel W"]
[Black "Hylands, Keith A"]
[Result "0-1"]
[WhiteElo "1619"]
[BlackElo "1397"]
[PlyCount "0"]
[EventDate "2022.07.08"]
[EventRounds "5"]
[EventCountry "ENG"]

1. d4 Nf6 2. Nf3 d5 3. c4 e6 4. Nc3 Bb4 5. Qb3 Be7 6. Bf4 c6 7. Rc1 dxc4 8. Qxc4 Nbd7 9. e4 Nf8 10. Be2 Ng6 11. Be3 O-O 12. O-O Re8 13. Rfd1 Qc7 14. d5 Bd7 15. d6 Bxd6 16. Nb5 cxb5 17. Qxc7 Bxc7 18. Rxc7 Bc6 19. Nd4 Ne7 20. Nxb5 h6 21. f3 Nc8 22. Nd6 Nxd6 23. Rxd6 Rad8 24. Rxd8 Rxd8 25. Bxa7 Rd2 26. Rc8+ Kh7 27. Kf2 Bb5 28. Rc5 Rxe2+ 29. Kg3 Rxb2 30. a3 Bc6 31. Rc3 g6 32. Bd4 Nh5+ 33. Kh3 Rd2 34. Be3 Rd7 35. g4 Ng7 36. g5 h5 37. Kg3 Ne8 38. h4 Rd8 39. e5 Ra8 40. Bb6 Ra6 41. Bd8 Bd5 42. Be7 Ng7 43. Bb4 Nf5+ 44. Kh3 Ra8 45. Rd3 Re8 46. Bc5 Rc8 47. Bg1 Rc1 48. Bf2 Ne7 49. Be3 Rb1 50. Bc5 Nc6 51. Re3 Rb5 52. Bd6 Na5 53. Bb4 Nc4 54. Rc3 Rb6 55. f4 Rc6 56. Rg3 Nb2 57. Bc3 Na4 58. Be1 Rc1 59. Rg1 Ra1 60. Kh2 Rxa3 61. Bb4 Rf3 62. Bd2 Nc5 63. Bc1  0-1

[Event "28th 4NCL Congress"]
[Site "Leamington Spa"]
[Date "2022.07.09"]
[Round "2"]
[Board "23"]
[White "Gregory, Gerald"]
[Black "Holden, Hayden"]
[Result "1-0"]
[WhiteElo "1385"]
[BlackElo "1562"]
[PlyCount "0"]
[EventDate "2022.07.08"]
[EventRounds "5"]
[EventCountry "ENG"]

1. e4 d5 2. exd5 Qxd5 3. Nc3 Qa5 4. d4 Nf6 5. Bd2 Bg4 6. Nf3 Nc6 7. Nb5 Qb6 8. Bf4 Rc8 9. Be3 Nd5 10. h3 Nxe3 11. fxe3 Bd7 12. Qd2 e6 13. Bd3 Nb4 14. Nc3 Nxd3+ 15. Qxd3 Be7 16. Ne5 Rd8 17. Nxd7 Rxd7 18. Qb5 Qxb5 19. Nxb5 a6 20. Nc3 c5 21. O-O-O O-O 22. Rhe1 Bg5 23. Ne4 Rd5 24. Nxc5 Rb8 25. c4 Rdd8 26. Kc2 Be7 27. Nd3 Kf8 28. b4 Rbc8 29. c5 Rd7 30. Kb3 Rcd8 31. Ne5 Rd5 32. Kc4 f6 33. e4 fxe5 34. exd5 exd5+ 35. Kc3 exd4+ 36. Kxd4 Bf6+ 37. Kd3 d4 38. Kc4 Rc8 39. Re6 b5+ 40. Kd5 Rd8+ 41. Ke4 Ra8 42. Rc1 Kf7 43. Rd6 Ke7 44. Kd5 Rd8 45. Rxd8 Kxd8 46. Kc6 Be7 47. Kb6 h5 48. Kb7 g5 49. c6 Bd6 50. c7+ Bxc7 51. Rxc7 d3 52. Rc1  1-0

[Event "28th 4NCL Congress"]
[Site "Leamington Spa"]
[Date "2022.07.09"]
[Round "2"]
[Board "24"]
[White "Jerome, Stellio"]
[Black "Veeturi, Yashvardhan"]
[Result "1-0"]
[WhiteElo "1562"]
[BlackElo "1334"]
[PlyCount "0"]
[EventDate "2022.07.08"]
[EventRounds "5"]
[EventCountry "ENG"]

1. e4 c5 2. d4 cxd4 3. c3 dxc3 4. Nxc3 Nc6 5. Nf3 d6 6. Bc4 Bg4 7. Bxf7+ Kxf7 8. Ng5+ Ke8 9. Qxg4 Nf6 10. Qe6 Nd4 11. Qf7+ Kd7 12. O-O Qe8 13. Rd1 Qxf7 14. Nxf7 Nc2 15. Rb1 Rg8 16. e5 Nb4 17. exf6 gxf6 18. Nh6 Bxh6 19. Bxh6 Rg6 20. Bf4 Rag8 21. Bg3 h5 22. Kh1 a6 23. a3 Nc6 24. Rd5 Ne5 25. Rbd1 Nc4 26. Rxh5 Nxb2 27. Rb1 Nc4 28. Rxb7+ Kc6 29. Rxe7 Nxa3 30. Rhh7 Nb5 31. Nxb5 axb5 32. Rc7+ Kb6 33. Bxd6 Rd8 34. Bc5+  1-0

[Event "28th 4NCL Congress"]
[Site "Leamington Spa"]
[Date "2022.07.09"]
[Round "2"]
[Board "25"]
[White "Wallman, James"]
[Black "Gomez, Mario"]
[Result "1-0"]
[WhiteElo "1530"]
[BlackElo "1315"]
[PlyCount "0"]
[EventDate "2022.07.08"]
[EventRounds "5"]
[EventCountry "ENG"]

1. e4 d6 2. d4 Nf6 3. Nc3 Nbd7 4. Nf3 e5 5. d5 Be7 6. Bd3 c6 7. dxc6 bxc6 8. Bc4 h6 9. Be3 a6 10. O-O g5 11. h3 Nf8 12. Qe2 Ng6 13. Rfd1 Nf4 14. Bxf4 exf4 15. e5 g4 16. hxg4 Bxg4 17. exf6 Bxf3 18. Qxf3 Bxf6 19. Qxc6+ Kf8 20. Rxd6 Qc8 21. Rxf6 Qxc6 22. Rxc6 Rg8 23. Rxh6 Rc8 24. Bb3 Rc5 25. Rd1 Kg7 26. Rh4 f3 27. Rg4+ Kh7 28. Rxg8 Kxg8 29. gxf3 Rg5+ 30. Kf1 Rh5 31. Ke2 Re5+ 32. Ne4  1-0

[Event "28th 4NCL Congress"]
[Site "Leamington Spa"]
[Date "2022.07.09"]
[Round "2"]
[Board "26"]
[White "Madden, Jason D"]
[Black "Walker, Heather Enid"]
[Result "1-0"]
[WhiteElo "1521"]
[BlackElo "1184"]
[PlyCount "0"]
[EventDate "2022.07.08"]
[EventRounds "5"]
[EventCountry "ENG"]

1. e4 Nf6 2. Nc3 d5 3. e5 Ne4 4. Nxe4 dxe4 5. d3 exd3 6. Qxd3 Qxd3 7. Bxd3 g6 8. b3 Bg7 9. Bb2 Nc6 10. Bb5 O-O 11. Bxc6 bxc6 12. O-O-O Bb7 13. Nf3 Rad8 14. Ba3 Rfe8 15. Bc5 a5 16. Bd4 e6 17. a4 Bf8 18. Be3 Bb4 19. Bg5 Rc8 20. Rd7 c5 21. Rd3 Bd5 22. c3 Ba3+ 23. Kd2 Bxb3 24. Ra1 c4 25. Rd7 Bxa4 26. Rd4 Bc5 27. Rxc4 Bb3 28. Rxc5 a4 29. Nd4 Ra8 30. Nxb3 axb3 31. Rxa8 Rxa8 32. Rb5 Ra2+ 33. Ke3 b2 34. Bh6 Ra8 35. Rxb2 f5 36. exf6 Kf7 37. Bg7  1-0

[Event "28th 4NCL Congress"]
[Site "Leamington Spa"]
[Date "2022.07.09"]
[Round "2"]
[Board "28"]
[White "Cuthbert, Larissa"]
[Black "Merrifield, Peter"]
[Result "1-0"]
[WhiteElo "1505"]
[BlackElo "1115"]
[PlyCount "0"]
[EventDate "2022.07.08"]
[EventRounds "5"]
[EventCountry "ENG"]

1. d4 d6 2. c4 Nf6 3. Nc3 g6 4. e4 Bg7 5. Be2 O-O 6. h4 h5 7. Bg5 Nh7 8. g4 Nxg5 9. hxg5 e6 10. Qd3 Qxg5 11. gxh5 Nd7 12. Qh3 Nf6 13. hxg6 fxg6 14. Nf3 Qg4 15. Qh2 e5 16. dxe5 dxe5 17. Nxe5 Qe6 18. Nd5 Nxd5 19. Qh7#  1-0

[Event "28th 4NCL Congress"]
[Site "Leamington Spa"]
[Date "2022.07.09"]
[Round "3"]
[Board "1"]
[White "Maher, Mike P"]
[Black "Borissow, Magnus"]
[Result "0-1"]
[WhiteElo "1693"]
[BlackElo "1528"]
[PlyCount "0"]
[EventDate "2022.07.08"]
[EventRounds "5"]
[EventCountry "ENG"]

1. d4 Nf6 2. c4 g6 3. Nc3 Bg7 4. e4 O-O 5. Nf3 d6 6. Be2 Na6 7. O-O e5 8. d5 Nc5 9. Qc2 a5 10. Rb1 Nh5 11. Re1 f5 12. a3 fxe4 13. Ng5 Nf4 14. Bxf4 exf4 15. Ncxe4 Bf5 16. Bf3 Qxg5 17. Nxg5 Bxc2 18. Ne6 Nxe6 19. dxe6 Bxb1 20. e7 Rfe8 21. Bxb7 Rab8 22. Bd5+ Kh8  0-1

[Event "28th 4NCL Congress"]
[Site "Leamington Spa"]
[Date "2022.07.09"]
[Round "3"]
[Board "2"]
[White "Khomytska, Kateryna"]
[Black "Ramaraju, Siddarth"]
[Result "1-0"]
[WhiteElo "1297"]
[BlackElo "1581"]
[PlyCount "0"]
[EventDate "2022.07.08"]
[EventRounds "5"]
[EventCountry "ENG"]

1. e4 e5 2. Nf3 Nf6 3. Nxe5 d6 4. Nf3 Nxe4 5. d3 Nf6 6. Be2 Bg4 7. O-O h6 8. Nc3 Nc6 9. d4 d5 10. Bf4 Bd6 11. Bxd6 Qxd6 12. Re1 O-O 13. Ne5 Bxe2 14. Rxe2 a6 15. Qd3 Rfe8 16. Rae1 Nd7 17. Nxc6 Rxe2 18. Qxe2 bxc6 19. Qe7 Nf6 20. Qxd6 cxd6 21. Kf1 Kf8 22. f3 h5 23. h4 Nd7 24. Ne2 Nb6 25. b3 Re8 26. Nf4 Rxe1+ 27. Kxe1 g6 28. Nd3 a5 29. Ke2 Ke7 30. Ke3 Ke6 31. Kf4 f6 32. g4 Nd7 33. Nc1 c5 34. Ne2 a4 35. bxa4 Nb6 36. a5 Na8 37. gxh5 gxh5 38. c3 c4 39. Ng3 Kd7 40. Nxh5 Kc6 41. a4 Kb7 42. Nxf6 Nc7 43. h5 Ne6+ 44. Kf5 Ng7+ 45. Kg6 Nxh5 46. Kxh5 Ka6 47. Nxd5 Kxa5 48. f4  1-0

[Event "28th 4NCL Congress"]
[Site "Leamington Spa"]
[Date "2022.07.09"]
[Round "3"]
[Board "3"]
[White "Usher, Frank"]
[Black "Salisbury, Paul"]
[Result "0-1"]
[WhiteElo "1548"]
[BlackElo "1692"]
[PlyCount "0"]
[EventDate "2022.07.08"]
[EventRounds "5"]
[EventCountry "ENG"]

1. e4 d5 2. exd5 Qxd5 3. Nc3 Qd8 4. d4 g6 5. Bc4 Bg7 6. Nge2 Nh6 7. O-O Nf5 8. d5 Nd6 9. Bb3 O-O 10. Bf4 Nd7 11. Qd2 Nf6 12. Rad1 Bg4 13. f3 Bd7 14. Nd4 Nh5 15. Bh6 Rc8 16. Bxg7 Kxg7 17. Rfe1 Nf6 18. Qe3 Re8 19. Kh1 c6 20. dxc6 bxc6 21. a3 c5 22. Ndb5 Nf5 23. Qf2 a6 24. Na7 Rc7 25. Re5 Rxa7 26. Rxc5 Rc7 27. Re5 Qb8 28. Qe2 e6 29. Ra5 Bc8 30. Qe5 Rb7 31. Qe2 Rb6 32. g4 Nh4 33. Nd5 exd5 34. Qf2 Nxf3 35. Qxf3 Bxg4 36. Qd3 Bxd1 37. Qxd1 Rbe6 38. Qd4 Re1+ 39. Kg2 R8e2+ 40. Kf3 Qxh2 41. Rxa6 Qh3+ 42. Kf4 Rf1+ 43. Kg5 Qh6#  0-1

[Event "28th 4NCL Congress"]
[Site "Leamington Spa"]
[Date "2022.07.09"]
[Round "3"]
[Board "4"]
[White "Matilal, Tamal K"]
[Black "Dos Santos Silva, Bruno Alexandre"]
[Result "0-1"]
[WhiteElo "1424"]
[BlackElo "1679"]
[PlyCount "0"]
[EventDate "2022.07.08"]
[EventRounds "5"]
[EventCountry "ENG"]

1. Nf3 f5 2. Nc3 Nf6 3. d3 g6 4. e4 d6 5. Bg5 Bg7 6. Be2 h6 7. Bxf6 Bxf6 8. O-O Nc6 9. d4 e5 10. Bb5 Bd7 11. Bxc6 Bxc6 12. exf5 gxf5 13. dxe5 Bxe5 14. Nxe5 dxe5 15. Qh5+ Ke7 16. Qxf5 Qg8 17. Qxe5+ Kd8 18. Rad1+ Kc8 19. Nd5 Bxd5 20. Rxd5 b6 21. Rfd1 Kb7 22. Rd7 Rc8 23. b3 Qg6 24. c4 Rhe8 25. Qd5+ Kb8 26. a4 Qc2 27. a5 Qc3 28. a6 Re1+  0-1

[Event "28th 4NCL Congress"]
[Site "Leamington Spa"]
[Date "2022.07.09"]
[Round "3"]
[Board "11"]
[White "Fearnhead, Paul N"]
[Black "Egan, William J"]
[Result "1/2-1/2"]
[WhiteElo "1694"]
[BlackElo "1589"]
[PlyCount "0"]
[EventDate "2022.07.08"]
[EventRounds "5"]
[EventCountry "ENG"]

1. c4 e6 2. Nc3 Nf6 3. Nf3 c5 4. e3 Nc6 5. b3 d5 6. Bb2 Be7 7. cxd5 exd5 8. Bd3 Bg4 9. h3 Bh5 10. Be2 O-O 11. d4 Bxf3 12. Bxf3 cxd4 13. exd4 Re8 14. O-O Bb4 15. a3 Ba5 16. b4 Bc7 17. Qd3 Qd6 18. g3 a6 19. Bc1 Qd7 20. Bg2 h6 21. Be3 b5 22. Rac1 Rac8 23. Qd2 Qe6 24. Bf4 Bxf4 25. Qxf4 Ne7 26. Rfe1 Qd7 27. Qd2 Ng6 28. Rxe8+ Rxe8 29. Re1 Re7 30. Rxe7 Nxe7  1/2-1/2

[Event "28th 4NCL Congress"]
[Site "Leamington Spa"]
[Date "2022.07.09"]
[Round "3"]
[Board "12"]
[White "Jerome, Stellio"]
[Black "Norman, Dinah M"]
[Result "1/2-1/2"]
[WhiteElo "1562"]
[BlackElo "1691"]
[PlyCount "0"]
[EventDate "2022.07.08"]
[EventRounds "5"]
[EventCountry "ENG"]

1. e4 d5 2. exd5 Qxd5 3. Nc3 Qd8 4. d4 Nf6 5. Nf3 Bf5 6. Bc4 e6 7. O-O Be7 8. Qe2 c6 9. Bf4 O-O 10. Rad1 Nd5 11. Nxd5 cxd5 12. Bd3 Bxd3 13. Rxd3 Nc6 14. c3 Re8 15. Ne5 Nxe5 16. Qxe5 Bf6 17. Qe2 g6 18. Re1 a6 19. Rh3 b5 20. Qe3 a5 21. Be5 Bg5 22. f4 Bh4 23. Rb1 f5 24. Qe2 b4 25. g4 Bf6 26. Bxf6 Qxf6 27. g5 Qf7 28. Re3 Ra7 29. Re1 Rae7 30. c4 dxc4 31. Qxc4 Rc7 32. Qb3 Rce7 33. d5 exd5 34. Rxe7 Rxe7 35. Rxe7 Qxe7 36. Qxd5+ Kg7 37. Kf2 Qa7+ 38. Kf3 Qa6 39. Qe5+ Kg8 40. Qe8+ Kg7 41. Qe2 Qc6+ 42. Kg3 Qc1 43. Qf2 Qc7 44. Qd4+ Kg8 45. Qd5+ Kf8 46. Qd4 Kg8 47. Qf6 Qc1 48. Qe6+ Kg7  1/2-1/2

[Event "28th 4NCL Congress"]
[Site "Leamington Spa"]
[Date "2022.07.09"]
[Round "3"]
[Board "13"]
[White "Belinger, John"]
[Black "Wallman, James"]
[Result "1-0"]
[WhiteElo "1685"]
[BlackElo "1530"]
[PlyCount "0"]
[EventDate "2022.07.08"]
[EventRounds "5"]
[EventCountry "ENG"]

1. e4 e5 2. Nf3 Nc6 3. Nc3 Nf6 4. d4 d6 5. dxe5 dxe5 6. Qxd8+ Kxd8 7. Bc4 Be6 8. Bxe6 fxe6 9. a3 h6 10. h3 g5 11. b4 Bd6 12. Bb2 Nd4 13. O-O-O Nxf3 14. gxf3 Ke7 15. Rd2 Rhd8 16. Rhd1 Nh5 17. Ne2 Rf8 18. Rd3 Nf4 19. Nxf4 Rxf4 20. Rg1 Raf8 21. Rg3 Rg8 22. Kd2 h5 23. Ke2 b6 24. Bc1 h4 25. Rg1 Rf7 26. Bxg5+ Ke8 27. Rg4 Rfg7 28. Bxh4 Kf7 29. Rd1 Rxg4 30. hxg4 Rh8 31. Bg5 Kg6 32. Be3 Kf7 33. Rg1 Rh2 34. c4 Kg6 35. Rd1 Kf7 36. c5 bxc5 37. bxc5 Be7 38. Rd7 Ke8 39. Rxc7 a5 40. Ra7 Bd8 41. c6 Be7 42. Ra8+ Kf7 43. c7  1-0

[Event "28th 4NCL Congress"]
[Site "Leamington Spa"]
[Date "2022.07.09"]
[Round "3"]
[Board "14"]
[White "Morrish, John"]
[Black "Madden, Jason D"]
[Result "0-1"]
[WhiteElo "1678"]
[BlackElo "1521"]
[PlyCount "0"]
[EventDate "2022.07.08"]
[EventRounds "5"]
[EventCountry "ENG"]

1. e4 e6 2. b3 d5 3. Bb2 dxe4 4. Nc3 Nf6 5. Qe2 Nbd7 6. Nxe4 Be7 7. f3 b6 8. O-O-O a5 9. a4 Ba6 10. Qf2 Bxf1 11. Qxf1 Nxe4 12. fxe4 Bf6 13. d4 Bg5+ 14. Kb1 O-O 15. Nf3 f5 16. e5 Qe7 17. Qe2 Bh6 18. h3 f4 19. Rdg1 b5 20. Qxb5 Rfb8 21. Qd3 Nb6 22. Ka2 Nd5 23. Ba3 Qd7 24. Nd2 Qc6 25. Qc4 Nc3+ 26. Ka1 Qxc4 27. Nxc4 Ne2 28. Rd1 Nc3 29. Rd3 Ne4 30. Rf1 Ng3 31. Rff3 Nf5 32. Kb1 Rd8 33. c3 Rdb8 34. Kc2 Nh4 35. Rf2 Nf5 36. Bc1 g5 37. Nd2 Ne3+ 38. Kb2 Nd1+  0-1

[Event "28th 4NCL Congress"]
[Site "Leamington Spa"]
[Date "2022.07.09"]
[Round "3"]
[Board "15"]
[White "Hylands, Keith A"]
[Black "Seymour, Paul"]
[Result "0-1"]
[WhiteElo "1397"]
[BlackElo "1674"]
[PlyCount "0"]
[EventDate "2022.07.08"]
[EventRounds "5"]
[EventCountry "ENG"]

1. d4 Nf6 2. Nf3 d5 3. c4 e6 4. Bg5 Be7 5. e3 a6 6. a3 dxc4 7. Bxc4 b5 8. Bd3 Bb7 9. Nbd2 Nbd7 10. Qc2 Rc8 11. b4 h6 12. Bxf6 Nxf6 13. Rc1 O-O 14. Qb1 Bd6 15. e4 Bf4 16. g3 Bxd2+ 17. Nxd2 Qxd4 18. O-O Rfd8 19. Bc2 Qxd2 20. Rcd1 Qc3 21. Rxd8+ Rxd8 22. Rd1 Rd4 23. e5 Qf3  0-1